Operación Free Ocean en la Malvinas /

Guardat en:
Dades bibliogràfiques
Autor principal: Balzán, Freddy
Format: Text
Etiquetes: Afegir etiqueta
Sense etiquetes, Sigues el primer a etiquetar aquest registre!

MARC

LEADER 00000 a a2200000 04500
001 18192
003
040
100 |a Balzán, Freddy  
245 |a Operación Free Ocean en la Malvinas /  |c Freddy Balzán 
773 |g número 5; páginas 6-15  
999 |c 22756  |d 22756